[Event "IND-ch 59th"]
[Site "New Delhi"]
[Date "2022.12.28"]
[Round "7"]
[White "Shreyansh, Daklia"]
[Black "Anuj, Shrivatri"]
[Result "0-1"]
[WhiteElo "2165"]
[BlackElo "2414"]
[PlyCount "184"]
[EventDate "2022.12.22"]
[EventType "swiss"]
[EventRounds "13"]
[EventCountry "IND"]
[SourceTitle "CBM 211 Extra"]
[Source "ChessBase"]
[SourceDate "2023.01.31"]
[SourceVersion "1"]
[SourceVersionDate "2023.01.31"]
[SourceQuality "1"]

1. Nf3 Nf6 2. c4 g6 3. b4 Bg7 4. Bb2 0-0 5. g3 Nc6 6. b5 Na5 7. d3 a6 8. a4 c6 9. Bg2 axb5 10. axb5 cxb5 11. cxb5 b6 12. 0-0 Bb7 13. Nbd2 d6 14. Qb1 e5 15. Ba3 Re8 16. Rc1 e4 17. Nd4 e3 18. fxe3 Bxg2 19. Kxg2 Ng4 20. N2f3 Nxe3+ 21. Kh1 Qd7 22. Bb2 Qh3 23. Rg1 Rac8 24. Nc6 Nxc6 25. bxc6 Ng4 26. Rg2 Ne3 27. Rg1 Ng4 28. Rg2 Bxb2 29. Qxb2 Rxc6 30. Nd4 Rc5 31. Qxb6 Ne3 32. Rf2 Rec8 33. Nb3 Ng4 34. Rg2 Ne3 35. Rf2 Ng4 36. Rg2 Rh5 37. Qg1 d5 38. Nd4 Re8 39. Ra7 Ne3 40. Rf2 Rc8 41. Re7 Ng4 42. Rg2 Re5 43. Rxe5 Nxe5 44. Qe3 Ng4 45. Qf4 Ra8 46. Qc1 Qh5 47. Nf3 Qf5 48. Rg1 Ra2 49. Nd4 Qh5 50. h4 Nf2+ 51. Kg2 Nxd3 52. Qc8+ Kg7 53. Rf1 Rxe2+ 54. Nxe2 Qxe2+ 55. Kg1 Qe3+ 56. Kg2 Qe2+ 57. Kg1 Qe3+ 58. Kg2 Qd2+ 59. Kg1 Ne5 60. Qe8 Qe3+ 61. Kg2 Qe2+ 62. Rf2 Qe4+ 63. Kf1 h5 64. Rf4 Qh1+ 65. Ke2 Qg2+ 66. Kd1 Qg1+ 67. Ke2 Qg2+ 68. Kd1 Qb2 69. Qe7 Qb1+ 70. Ke2 Qd3+ 71. Kf2 Ng4+ 72. Kg2 Qd2+ 73. Kg1 Qh2+ 74. Kf1 Qh1+ 75. Ke2 Qg2+ 76. Kd1 Nf2+ 77. Ke1 Nd3+ 78. Kd1 Nxf4 79. Qe5+ Kh7 80. Qxf4 Qg1+ 81. Kd2 Qa7 82. g4 hxg4 83. h5 Qd7 84. Qg5 Qf5 85. hxg6+ Qxg6 86. Qxd5 g3 87. Qg2 Kg7 88. Ke3 Qg5+ 89. Kf3 Qd5+ 90. Kxg3 Qxg2+ 91. Kxg2 Kf6 92. Kf2 Kf5 0-1

[Event "IND-ch 59th"]
[Site "New Delhi"]
[Date "2022.12.27"]
[Round "6"]
[White "Anuj, Shrivatri"]
[Black "Nagare, Akhilesh"]
[Result "1-0"]
[WhiteElo "2414"]
[BlackElo "2119"]
[PlyCount "53"]
[EventDate "2022.12.22"]
[EventType "swiss"]
[EventRounds "13"]
[EventCountry "IND"]
[SourceTitle "CBM 211 Extra"]
[Source "ChessBase"]
[SourceDate "2023.01.31"]
[SourceVersion "1"]
[SourceVersionDate "2023.01.31"]
[SourceQuality "1"]

1. Nf3 d5 2. c4 c6 3. g3 Nf6 4. Bg2 g6 5. b3 Bg7 6. Bb2 0-0 7. 0-0 a5 8. Nc3 Ne4 9. Na4 Nf6 10. Rc1 Na6 11. d3 b5 12. cxb5 cxb5 13. Nc5 Nxc5 14. Rxc5 b4 15. Qd2 Bb7 16. Rfc1 Qb6 17. Bd4 Qa6 18. Rc7 Rfe8 19. Bh3 Rad8 20. Qc2 Bh6 21. e3 Bf8 22. Ne5 Qa8 23. Qc5 e6 24. Qb6 Rc8 25. Nxf7 Nd7 26. Bxe6 Nxb6 27. Nh6# 1-0